[Event "AUTO-MASTER-3306"]
[Site "http://www.queenalice.com/game.php?id=1873734"]
[Date "2026.5.21"]
[Round "1"]
[White "Pin"]
[Black "Donidon"]
[Result "0-1"]
[WhiteElo "2103"]
[BlackElo "2230"]

1. d4 Nf6 2. c4 d5 3. cxd5 Nxd5 4. e4 Nb6 5. Nc3 g6 6. Nf3 Bg7 7. Be2 O-O 8. O-O
Nc6 9. Be3 Bg4 10. d5 Bxf3 11. dxc6 Bxe2 12. Qxe2 bxc6 13. Rfd1 Qc8 14. Rab1 Qe6
15. f3 Nc4 16. Bd4 Rfd8 17. Bxg7 Kxg7 18. b3 Nb6 19. Qb2 f6 20. Ne2 Rd6 21. Nd4
Qf7 22. Rbc1 Rad8 23. Qc2 Rxd4 24. Rxd4 Rxd4 25. Qxc6 Qf8 26. Qxc7 Rd7 27. Qc3
Qd8 28. Qc2 Rd2 29. Qb1 Qd4+ 30. Kh1 Nd7 31. Rg1 Ne5 32. Qa1 Qf2 33. Qe1 Rxa2
34. Qxf2 Rxf2 35. Ra1 g5 36. h3 Ng6 37. Rxa7 Kf7 38. Kg1 Rb2 39. Rb7 Nf4 40. b4
Rxg2+ 41. Kf1 Rb2 42. b5 Nd3 43. Kg1 Ne5 0-1

[Event "AUTO-OPEN-4642"]
[Site "http://www.queenalice.com/game.php?id=1874212"]
[Date "2026.5.31"]
[Round "2"]
[White "josebaron"]
[Black "Pin"]
[Result "1/2-1/2"]
[WhiteElo "2181"]
[BlackElo "2103"]

1. e4 c5 2. Nf3 d6 3. Bb5+ Bd7 4. Bxd7+ Nxd7 5. O-O Ngf6 6. d3 g6 7. c4 Bg7 8.
Nc3 O-O 9. a4 b6 10. h3 a6 11. Re1 Re8 12. Nd5 Nxd5 13. exd5 Nf6 14. Bg5 h6 15.
Bxf6 Bxf6 16. Rb1 b5 17. axb5 axb5 18. cxb5 Qb6 19. b4 Qxb5 20. bxc5 Qxc5 21.
Qb3 Reb8 22. Qc4 Qa7 23. Rxb8+ Qxb8 24. g4 Qb2 25. Kg2 Ra2 26. Rf1 Kg7 27. h4
Qc2 28. Qxc2 1/2-1/2

[Event "AUTO-OPEN-4642"]
[Site "http://www.queenalice.com/game.php?id=1874213"]
[Date "2026.5.31"]
[Round "2"]
[White "Pin"]
[Black "josebaron"]
[Result "1/2-1/2"]
[WhiteElo "2089"]
[BlackElo "2165"]

1. d4 d5 2. Nf3 Nf6 3. e3 Bg4 4. Be2 Nc6 5. O-O e6 6. Nbd2 Be7 7. b3 O-O 8. Bb2
Ne4 9. h3 Nxd2 10. Qxd2 Bxf3 11. Bxf3 Re8 12. c4 dxc4 13. bxc4 Bf6 14. Rfe1 Ne5
15. Bxb7 Nxc4 16. Qe2 Nxb2 17. Bxa8 Qxa8 18. Qxb2 c5 19. Rad1 cxd4 20. exd4 h6
21. Qd2 Rd8 22. Qf4 Rd5 23. Qf3 Qd8 24. Qa3 a5 25. Re3 Rxd4 26. Rxd4 Qxd4 27.
Qxa5 g6 28. Qa8+ Kg7 29. g3 h5 30. Qa3 Qd1+ 1/2-1/2

[Event "AUTO-OPEN-4642"]
[Site "http://www.queenalice.com/game.php?id=1874218"]
[Date "2026.5.31"]
[Round "2"]
[White "Pin"]
[Black "donadama"]
[Result "1-0"]
[WhiteElo "2080"]
[BlackElo "2046"]

1. d4 d5 2. Nf3 Nf6 3. e3 e6 4. Bd3 Bd6 5. b3 O-O 6. O-O c5 7. Bb2 b6 8. Nbd2
Qc7 9. Ne5 Nfd7 10. f4 cxd4 11. Bxd4 f6 12. Qh5 f5 13. Ndf3 Nf6 14. Qh4 Be7 15.
Qh3 Bd7 16. Ng5 Be8 17. Nxe6 1-0

[Event "AUTO-OPEN-4642"]
[Site "http://www.queenalice.com/game.php?id=1874219"]
[Date "2026.5.31"]
[Round "2"]
[White "donadama"]
[Black "Pin"]
[Result "0-1"]
[WhiteElo "1979"]
[BlackElo "2059"]

1. d4 Nf6 2. Nf3 g6 3. Bg5 Bg7 4. e3 O-O 5. Nbd2 d5 6. c3 Nbd7 7. Bd3 b6 8. O-O
Bb7 9. Re1 Re8 10. Qc2 c5 11. Bb5 a6 12. Bxd7 Qxd7 13. h3 Rac8 14. Ne5 Qd6 15.
Bf4 Qd8 16. dxc5 bxc5 17. Rad1 Nh5 18. Bh2 Nf6 19. Qb3 Ba8 20. e4 c4 21. Qc2 Nh5
22. Ndxc4 Nf6 23. Ne3 Qa5 24. b4 Qb6 25. a4 Nxe4 0-1